000 nam a22 7a 4500
999 _c8833
_d8833
008 180120b ||||| |||| 00| 0 eng d
100 _aSharma
_95162
245 _aEnvironmental Studies
260 _aNew Delhi
_bArya
_c2008